Central Library OPAC University of Rajshahi

A study of history / (Record no. 34906)

MARC details
000 -LEADER
fixed length control field 00924nam a2200265 a 4500
001 - CONTROL NUMBER
control field 34906
003 - CONTROL NUMBER IDENTIFIER
rucl marc code BD-RjUL
005 - DATE AND TIME OF LATEST TRANSACTION
control field 20211209052229.0
008 - FIXED-LENGTH DATA ELEMENTS--GENERAL INFORMATION
fixed length control field 140519s1939 enk 000 0 eng
035 ## - SYSTEM CONTROL NUMBER
System control number (BD-RjUL)35000
040 ## - CATALOGING SOURCE
Original cataloging agency DLC
Transcribing agency DLC
Modifying agency BD-RjUL
Language of cataloging eng
041 ## - LANGUAGE CODE
Language code of text/sound track or separate title eng
082 ## - DEWEY DECIMAL CLASSIFICATION NUMBER
Classification number 901
Author mark and year TOS V-5 P-1 1962
100 1# - MAIN ENTRY--PERSONAL NAME
Personal name Toynbee, Arnold,
Dates associated with a name 1889-1975.
9 (RLIN) 106267
245 12 - TITLE STATEMENT
Title A study of history /
Statement of responsibility, etc. Arnold Toynbee.
Number of part/section of a work Volume 5,
Name of part/section of a work The Disitegration of Civilizations,
Number of part/section of a work Part One .
260 ## - PUBLICATION, DISTRIBUTION, ETC. (IMPRINT)
Place of publication, distribution, etc. London :
Name of publisher, distributor, etc. Oxford University Press,
Date of publication, distribution, etc. 1939 [Reprinted 1962]
300 ## - PHYSICAL DESCRIPTION
Pagination 612 p. :
Illustrations tables (1 fold.) ;
Size 23 cm.
500 ## - GENERAL NOTE
General note "Issued under the auspices of the Royal Institute of International Affairs."
General note Index to v. 1-3 at end of v. 3; to v. 4-6 at end of v. 6.
650 #0 - SUBJECT ADDED ENTRY--TOPICAL TERM
Topical term or geographic name as entry element Civilization.
9 (RLIN) 106268
Topical term or geographic name as entry element History
General subdivision Philosophy.
9 (RLIN) 106269
942 ## - ADDED ENTRY ELEMENTS (KOHA)
Source of classification or shelving scheme Dewey Decimal Classification
Koha item type Books
Holdings
Lost status Source of classification or shelving scheme Damaged status Not for loan Collection code Permanent Location Current Location Shelving location Date acquired Source of acquisition Cost, normal purchase price Total Checkouts Full call number Date last seen Copy number Koha item type
  Dewey Decimal Classification     Non-fiction Central Library, University of Rajshahi Central Library, University of Rajshahi   18/01/1971 Mohiuddin + sons 11.00   909 TOS V-5 P-1 1962 19/05/2014 C-2 Books